000 00767nas a2200253 4500
001 BR8800759
003 BR-BrBNA
005 20231205091030.0
007 ta
008 230509b bl.|||p| |||| 00| 00por d
040 _aBR-BrBNA
_bpor
_cBiblioteca Nacional de Agricultura
041 _a(Pt)
072 _aF03
100 1 _aRagagnin, L.I.M.
100 1 _aDias, L.L.
245 1 _aBeneficiamento mecanico de sementes de grapia (Apuleia biocarpa (Vogel)Macbride)e timbo (Ateleia glazioviana Baillon)
650 _aGRAPIAPUNHA
650 _aTIMBO
650 _aSEMENTE
650 _aBENEFICIAMENTO
773 0 _tRoessleria (Brazil)
_xISSN 0101-7616
_g(1985), v. 7(3) p. 183-193
_wBR8800759
909 _a202311
_bLúcia
_c55
_dLúcia Elande
942 _2AGRIS
_n0
_cANA
999 _c122342
_d122342